|
|
|
|
| LEADER |
00000nam a22000007a 4500 |
| 005 |
20190915150736.0 |
| 007 |
cr|||| |||| |
| 008 |
190915c20089999co fr|w s|||| 0|||b1spa d |
| 022 |
|
|
|a 1692-6013
|
| 035 |
|
|
|a 22136
|
| 040 |
|
|
|a vLex
|
| 090 |
|
|
|c 9530
|d 9530
|
| 245 |
0 |
0 |
|a Novum Jus: revista especializada en sociologa̕ jurd̕ica y polt̕ica
|h [Recurso electrn̤ico] /
|
| 256 |
|
|
|a Servicio en ln̕ea
|
| 260 |
|
|
|a Bogot:̀
|b Universidad Catl̤ica de Colombia,
|c 2008 -
|
| 300 |
|
|
|a 1 recurso electrn̤ico
|
| 310 |
|
|
|a Semestral
|
| 506 |
1 |
|
|a Disponible solo en los productos indicados
|d vLex Global
|d vLex Global (Academic Edition, excluding Law Schools)
|d vLex Global (U.S. Academic Edition, Law Schools)
|d vLex Global (U.S. Academic Edition, excluding Law Schools)
|d vLex Global (Academic Edition, Law Schools)
|
| 650 |
0 |
4 |
|a Derecho Penal
|z Colombia
|
| 740 |
0 |
|
|a vLex Revistas (Servicio en ln̕ea)
|
| 856 |
4 |
0 |
|u http://vlex.com/source/novum-jus-revista-especializada-sociologia-juridica-politica-22136
|z Acceso restringido
|
| 942 |
|
|
|c REV
|
| 999 |
0 |
|
|a Criminal law
|